Contabilidad financiera: introducción
Guardat en:
| Autor principal: | |
|---|---|
| Format: | Llibre |
| Idioma: | espanyol |
| Publicat: |
Ciudad de México
Prentice-Hall Hispanoamericana
1983
|
| Matèries: | |
| Etiquetes: |
Afegir etiqueta
Sense etiquetes, Sigues el primer a etiquetar aquest registre!
|
MARC
| LEADER | 00000nam a2200000 a 4500 | ||
|---|---|---|---|
| 001 | UCR7683 | ||
| 003 | CL-VaPUC | ||
| 008 | 980519e19830000MX |||||||||||||||||spa|d | ||
| 082 | 0 | 4 | |a 657.48 |b HOR |2 21 |
| 100 | |a Horngren, Charles T |e author |9 590581 | ||
| 245 | 1 | 0 | |a Contabilidad financiera: introducción |
| 300 | |a 736 p | ||
| 942 | |c BK | ||
| 945 | |d 19980519 00:00:00 |a crobeson | ||
| 260 | |a Ciudad de México |b Prentice-Hall Hispanoamericana |c 1983 | ||
| 650 | 7 | |a ESTADOS FINANCIEROS |2 CL-VaPUC |9 409059 | |
| 650 | 0 | |a Contabilidad |9 261430 | |
| 650 | 0 | |a Contabilidad financiera |9 307017 | |
| 650 | 0 | |a Análisis económico |9 259939 | |
| 650 | 0 | |a Administración financiera |9 261146 | |
| 650 | 0 | |a Toma de decisiones |9 257530 | |
| 650 | 0 | |a Análisis de costos |9 315627 | |
| 583 | |a last modification |c 19980519 00:00:00 |k Rodrigo Vera | ||
| 999 | |c 269273 |d 269271 | ||
| 952 | |0 0 |1 0 |4 0 |6 657_480000000000000_HOR_1983 |7 0 |8 A |9 302972 |a BIBGIM |b BIBGIM |d 2019-11-20 |i 1993518 |o 657.48 HOR 1983 |p 1993518 |r 2025-01-15 |w 2019-11-20 |y BK |k COM | ||
| 952 | |0 0 |1 0 |4 0 |6 657_480000000000000_HOR_1983 |7 0 |8 A |9 302973 |a BIBGIM |b BIBGIM |d 2019-11-20 |i 1412019 |o 657.48 HOR 1983 |p 1412019 |r 2025-01-15 |w 2019-11-20 |y BK |k COM | ||